Paradigms in conflict : (Record no. 9111)

MARC details
000 -LEADER
fixed length control field 01916cam a2200301 a 4500
001 - CONTROL NUMBER
control field 14078690
003 - CONTROL NUMBER IDENTIFIER
control field GBCCL
005 - DATE AND TIME OF LATEST TRANSACTION
control field 20241126110705.0
008 - FIXED-LENGTH DATA ELEMENTS--GENERAL INFORMATION
fixed length control field 050818s2005 miua b 001 0 eng
010 ## -
-- 2005024117
020 ## - INTERNATIONAL STANDARD BOOK NUMBER
International Standard Book Number 0825427703
020 ## - INTERNATIONAL STANDARD BOOK NUMBER
International Standard Book Number 9780825444777
040 ## - CATALOGING SOURCE
Original cataloging agency DLC
Transcribing agency DLC
Modifying agency DLC
050 00 -
-- BV2063
-- .H438 2005
082 00 - DEWEY DECIMAL CLASSIFICATION NUMBER
Classification number 266
Edition information 22
Item number HES
100 1# - MAIN ENTRY--PERSONAL NAME
Personal name Hesselgrave, David J.
9 (RLIN) 2560
245 10 - TITLE STATEMENT
Title Paradigms in conflict :
Remainder of title 10 key questions in Christian missions today /
Statement of responsibility, etc. David J. Hesselgrave. edited by Keith E Eitel
250 ## - EDITION STATEMENT
Edition statement 2nd edition
260 ## - PUBLICATION, DISTRIBUTION, ETC.
Place of publication, distribution, etc. Grand Rapids, MI :
Name of publisher, distributor, etc. Kregel Publications,
Date of publication, distribution, etc. 2018, c2005.
300 ## - PHYSICAL DESCRIPTION
Extent 378 p. :
Other physical details ill. ;
Dimensions 22 cm.
504 ## - BIBLIOGRAPHY, ETC. NOTE
Bibliography, etc. note Includes bibliographical references and indexes.
505 0# - FORMATTED CONTENTS NOTE
Formatted contents note Sovereignty and free will : an impossible mix or a perfect match? -- Restrictivism and inclusivism : is this mission trip really necessary? -- Common ground and enemy territory : how should we approach adherents of other faiths? -- Holism and prioritism : for whom is the gospel good news? -- Incarnationalism and representationalism : who is our missionary model, Jesus or Paul? -- Power encounter and truth encounter : what is essential in spiritual warfare? -- Amateurization and professionalization : a call for missionaries or a divine calling? -- Form and meaning : how does the inspiration of scripture "in-form" contextualization and make it "meaning-full"? -- Countdowns and prophetic alerts : if we go in force, will He come in haste? -- The Kingdom of God and the church of Christ : what on earth is God building, here and now?
650 #0 - SUBJECT ADDED ENTRY--TOPICAL TERM
Topical term or geographic name entry element Missions
General subdivision Theory.
9 (RLIN) 48
856 41 - ELECTRONIC LOCATION AND ACCESS
Materials specified Table of contents
Uniform Resource Identifier <a href="http://www.loc.gov/catdir/toc/ecip0518/2005024117.html">http://www.loc.gov/catdir/toc/ecip0518/2005024117.html</a>
906 ## - LOCAL DATA ELEMENT F, LDF (RLIN)
a 7
b cbc
c orignew
d 1
e ecip
f 20
g y-gencatlg
942 ## - ADDED ENTRY ELEMENTS (KOHA)
Source of classification or shelving scheme Dewey Decimal Classification
Koha item type Books
Koha issues (borrowed), all copies 3
Holdings
Withdrawn status Lost status Source of classification or shelving scheme Damaged status Not for loan Home library Current Library Shelving location Date acquired Total checkouts Full call number Barcode Date last seen Date last checked out Copy number Price effective from Koha item type
    Dewey Decimal Classification     GRACE BIBLE COLLEGE GRACE BIBLE COLLEGE Ministry & Mission 2022-04-12 3 266 HES 015198 2025-05-01 2023-03-06 c.1 2022-04-12 Books
    Dewey Decimal Classification     GRACE BIBLE COLLEGE GRACE BIBLE COLLEGE Ministry & Mission 2025-01-28   266 HES 020965 2025-05-01   c.2 2025-01-28 Books
© Grace Bible College Library 2025